Unilag sociological review (USR)

Guardat en:
Dades bibliogràfiques
Format: Llibre
Idioma:anglès
Publicat: University of Lagos 2011
Etiquetes: Afegir etiqueta
Sense etiquetes, Sigues el primer a etiquetar aquest registre!

MARC

LEADER 00000nam a22000007a 4500
008 210729b ||||| |||| 00| 0 eng d
245 |a Unilag sociological review (USR)  |c Department of sociology faculty of social sciences  |g xvii,123p 
260 |b University of Lagos  |c 2011  |d Book  |h Nigeria  |i 695687  |i 695688  |l HM 403 .U4  |m Sociology- Periodicals  |m Sociology- Nigeria-Periodicals  |m Sociology  |m Nigeria 
500 |a It includes tables 
942 |a lcc  |c BK  |e Olagoke ,M.A  |f 29/07/2021 
952 |0 0  |1 0  |2 lcc  |4 0  |7 0  |9 2907  |a HOL  |b SSL  |c GJ  |d 2021-07-29  |o HM 403 .U4  |p 2021-66584  |r 2021-07-29 00:00:00  |w 2021-07-29  |y BK 
952 |0 0  |1 0  |2 lcc  |4 0  |7 0  |9 2908  |a HOL  |b HOL  |c GJ  |d 2021-07-29  |o HM 403 .U4  |p 2021-66585  |r 2021-07-29 00:00:00  |w 2021-07-29  |y BK 
999 |c 1481  |d 1481